000 00499nam a22001217a 4500
999 _c10001
_d10001
003 OSt
008 201218b ||||| |||| 00| 0 eng d
245 _aKarpagam JCS
250 _a2014(Jan-Feb Vol.8 No.2, Mar-Apr Vol.8 No.3, May-Jun Vol.8 No.4, Jul-Aug Vol.8 No.5, Sep-Oct Vol.8 No.6, Nov-Dec Vol.9 No.1) 2015(Jan-Feb Vol.9 No.2, Mar-Apr Vol.9 No.3, Sep-Oct Vol.9 No.6, Nov-Dec Vol.10 No.1)
260 _aCoimbatore
_bKarpagam Publications
650 _aComputer Science Engineering
942 _2ddc
_cBV